La popularización del deporte en España : (Record no. 196040)

MARC details
000 -LEADER
campo de control de longitud fija 01714nam a2200421 i 4500
001 - NÚMERO DE CONTROL
campo de control 196040
003 - IDENTIFICADOR DE NÚMERO DE CONTROL
campo de control ES-MaACL
005 - FECHA Y HORA DE LA ÚLTIMA TRANSACCIÓN
campo de control 20250427063005.0
008 - DATOS DE LONGITUD FIJA--INFORMACIÓN GENERAL
campo de control de longitud fija 240810s2017 sp a o000 0 spa
015 ## - NÚMERO DE BIBLIOGRAFÍA NACIONAL
Número de bibliografía nacional MON17
017 ## - NÚMERO DE COPYRIGHT O DE DEPÓSITO LEGAL
Número de copyright o de depósito legal M 28817-2017
Agencia que asigna Oficina Depósito Legal Madrid
020 ## - NÚMERO INTERNACIONAL ESTÁNDAR DEL LIBRO
Número Internacional Estándar del Libro 9788474767391
Información calificativa Papel
020 ## - NÚMERO INTERNACIONAL ESTÁNDAR DEL LIBRO
Número Internacional Estándar del Libro 9788474767407
Información calificativa Electrónico
024 7# - IDENTIFICADOR DE OTROS ESTÁNDARES
Número estándar o código 788-17-022-5
Fuente del número o código nipo
035 ## - NÚMERO DE CONTROL DEL SISTEMA
Número de control de sistema (SpMaBN)a6064257
035 ## - NÚMERO DE CONTROL DEL SISTEMA
Número de control de sistema 991006433879708606
040 ## - FUENTE DE CATALOGACIÓN
Centro catalogador/agencia de origen SpMaBN
Lengua de catalogación spa
Centro/agencia transcriptor SpMaBN
Normas de descripción rdc
080 ## - NÚMERO DE LA CLASIFICACIÓN DECIMAL UNIVERSAL
Número de la Clasificación Decimal Universal 316.74(460):796/799
080 ## - NÚMERO DE LA CLASIFICACIÓN DECIMAL UNIVERSAL
Número de la Clasificación Decimal Universal 796/799(460)(083.41)
100 0# - ENTRADA PRINCIPAL--NOMBRE DE PERSONA
Nombre de persona García Ferrando, Manuel
9 (RLIN) 54609
Término indicativo de función/relación Autor
240 13 - TÍTULO UNIFORME
Título uniforme La popularización del deporte en España
245 13 - MENCIÓN DEL TÍTULO
Título La popularización del deporte en España :
Resto del título encuesta de hábitos deportivos 1980-2015 /
Mención de responsabilidad, etc. Manuel García Ferrando, Ramón Llopis Goig.
250 ## - MENCION DE EDICION
Mención de edición Primera edición, septiembre 2017
260 ## - PUBLICACIÓN, DISTRIBUCIÓN, ETC.
Lugar de publicación, distribución, etc. Madrid :
Nombre del editor, distribuidor, etc. Consejo Superior de Deportes, CSD,
-- Centro de Investigaciones Sociológicas, CIS,
Fecha de publicación, distribución, etc. 2017.
300 ## - DESCRIPCIÓN FÍSICA
Extensión 221 p. :
Otras características físicas tablas, gráfs. ;
Dimensiones 24 cm.
336 ## - TIPO DE CONTENIDO
Término de tipo de contenido Texto (visual)
Fuente isbdcontent
337 ## - TIPO DE MEDIO
Nombre/término del tipo de medio sin mediación
Fuente isbdmedia
338 ## - TIPO DE SOPORTE
Fuente rdacarrier
Nombre/término del tipo de soporte volumen
504 ## - NOTA DE BIBLIOGRAFÍA, ETC.
Nota de bibliografía, etc. Bibliografía: p. [181]-183. Índice
650 #0 - PUNTO DE ACCESO ADICIONAL DE MATERIA--TÉRMINO DE MATERIA
Término de materia o nombre geográfico como elemento de entrada Sociología del deporte-
Subdivisión geográfica España
Fuente del encabezamiento o término embne
9 (RLIN) 238036
650 #7 - PUNTO DE ACCESO ADICIONAL DE MATERIA--TÉRMINO DE MATERIA
Término de materia o nombre geográfico como elemento de entrada Deportes-
Subdivisión geográfica España-
Subdivisión de forma Estadísticas
9 (RLIN) 166775
700 ## - ENTRADA AGREGADA--NOMBRE PERSONAL
Nombre de persona Llopis Goig, Ramón
9 (RLIN) 238037
Término indicativo de función/relación Autor
852 ## - LOCALIZACIÓN
Ubicación ES-MaACL
Sublocalización o colección R.153510
Ubicación en estantería Depósito J
Número de control de estantería N-9167
Donativo/Legado Donación: Editorial
Encuadernación Encuadernación rústica con solapas
itemnumber 205065
942 ## - ELEMENTOS DE ENTRADA SECUNDARIOS (KOHA)
Tipo de ítem Koha Libro impreso
Suprimir en OPAC No
Holdings
Estatus retirado Estado de pérdida Fuente del sistema de clasificación o colocación Estado de daño No para préstamo Biblioteca de origen Biblioteca actual Ubicación en estantería Fecha de adquisición Fuente de adquisición Total de préstamos Signatura topográfica completa Código de barras Visto por última vez Precio de reemplazo Tipo de ítem Koha
    Clasificación decimal universal     Biblioteca del Ateneo de Madrid Biblioteca del Ateneo de Madrid Depósito J 25/04/2025 Donación   N-9167 101229908 25/04/2025 25/04/2025 Libro impreso